House Tour - Sabrina Carpenter (All Lyrics) - Statistics

General Stats
  • This quiz has been taken 634 times
  • The average score is 232 of 268
Answer Stats
Lyrics % Correct
a
100%
I
100%
you
100%
You
100%
Co-
99%
house
99%
House
99%
Take
99%
take
99%
the
99%
The
99%
the-)
99%
to
99%
(To
99%
tour?
99%
tour
99%
and
98%
And
98%
Do
98%
first,
98%
floor
98%
in
98%
is
98%
me,
98%
me
98%
of
98%
second,
98%
third
98%
want
98%
your
98%
come
96%
(Come
96%
just
96%
this
96%
inside
95%
inside)
95%
could
94%
for
94%
promise
94%
baby,
93%
Baby,
93%
can
93%
metaphor
93%
my
93%
My
93%
but
91%
But
91%
none
91%
off
91%
shoes
90%
so
90%
So,
90%
time
90%
what?
90%
really
89%
had
88%
now
88%
yours
88%
great
87%
have
87%
if
87%
mine
87%
on
87%
on,
87%
what's
87%
be
86%
dinner,
86%
Thank
86%
door
85%
(We
85%
We
85%
it
84%
love
84%
back
83%
some
83%
Some
83%
it's
82%
(Ah)
81%
conversation
80%
that
80%
you're
80%
Avenue
79%
favorite
79%
Girl
79%
I'm
79%
Pretty
79%
kind
78%
never
78%
was
78%
pineapple
77%
too
77%
car
76%
Chips
76%
comfy,
76%
comfy
76%
couch
76%
enter
76%
design
75%
through
75%
dreams
74%
especially
74%
hungry,
74%
hungry
74%
little
74%
proud
74%
self
74%
Yeah,
74%
drives
73%
true
73%
where
73%
built
72%
say
72%
Ahoy
71%
air
71%
floors
71%
place
71%
Well,
71%
freshener
70%
or
70%
spent
70%
fortune
69%
(Oh)
69%
Oh
69%
oh
69%
don't
68%
waxed
68%
are
67%
'cause
67%
loved
67%
coming
66%
Got
66%
guide
66%
need
66%
reckless
65%
hot
63%
insured
63%
lights)
62%
dim
59%
ever
48%
pleasured
38%
um,
31%
let
24%
will
24%
outside,
14%
outside
14%
(Haha)
12%
(Woo)
7%
bae,
4%
No matching quizzes found
Score Distribution
Percent of People with Each Score
Percentile by Number Answered
Your Score History
You have not taken this quiz